000 00463nam a2200181Ia 4500
001 21234
005 20260306172904.0
008 260306t2008||||xx |||||||||||||| ||spa||
041 _aESP
082 _a344.311
_bH96
100 _aHurtado Pozo, José
_eAUT
245 0 _aPena de muerte y política criminal:
_banuario de derecho penal 2007
260 _c2008
300 _a318 páginas :
_ccm.
650 _aGEN
654 _aCDE
942 _cLIB
_dJUS
_fJUS
_2ddc
_n
999 _c21234
_d21234